[Event "III Festival"]
[Site "Toscolano-Maderno ITA"]
[Date "1997.10.??"]
[Round "?"]
[White "Lantini, Marco"]
[Black "Perovic, Bozidar"]
[Result "1-0"]
[WhiteElo "2190"]
[BlackElo "2065"]
[PlyCount "81"]
[EventDate "1997.10.18"]

1. e4 d6 2. d4 Nf6 3. Nc3 g6 4. Nf3 Bg7 5. Be2 O-O 6. h3 c5 7. O-O cxd4 8. Nxd4
a6 9. Be3 b5 10. e5 dxe5 11. Bf3 e4 12. Nxe4 Nd5 13. Bg5 h6 14. Bh4 Ra7 15. c3
Qb6 16. a4 Rd7 17. Qb3 bxa4 18. Qxa4 e5 19. Nb3 f5 20. Nec5 e4 21. Qc4 exf3 22.
Nxd7 Bxd7 23. Rfd1 Be6 24. Rxd5 Rc8 25. Nc5 Kh7 26. b4 g5 27. Bg3 Qc6 28. Rad1
Nd7 29. Qd3 Bxd5 30. Qxf5+ Kh8 31. Rxd5 Nb6 32. Rd6 Qe8 33. Rxb6 fxg2 34. Qxc8
Qxc8 35. Rb8 Qxb8 36. Bxb8 Bxc3 37. Nxa6 h5 38. b5 Bd4 39. Bc7 g4 40. hxg4 hxg4
41. Kxg2 1-0

[Event "III Festival"]
[Site "Toscolano-Maderno ITA"]
[Date "1997.10.??"]
[Round "?"]
[White "Luciani, Valerio"]
[Black "De Santis, Alessio"]
[Result "1/2-1/2"]
[WhiteElo "2225"]
[BlackElo "2185"]
[PlyCount "37"]
[EventDate "1997.10.18"]

1. c4 d6 2. Nc3 e5 3. g3 f5 4. d3 Nf6 5. Bg2 g6 6. Nf3 Bg7 7. O-O O-O 8. Rb1 a5
9. a3 Nc6 10. b4 axb4 11. axb4 h6 12. Qc2 g5 13. b5 Ne7 14. Nd2 Rb8 15. Nd5 Be6
16. Qa2 Kh8 17. Bb2 Qd7 18. Nxe7 Qxe7 19. Qa7 1/2-1/2

[Event "III Festival"]
[Site "Toscolano-Maderno ITA"]
[Date "1997.10.??"]
[Round "?"]
[White "Luciani, Valerio"]
[Black "Lantini, Marco"]
[Result "1/2-1/2"]
[WhiteElo "2225"]
[BlackElo "2190"]
[PlyCount "30"]
[EventDate "1997.10.18"]

1. c4 Nf6 2. Nc3 e5 3. g3 d5 4. cxd5 Nxd5 5. Bg2 Nb6 6. Nf3 Nc6 7. O-O Be7 8.
d3 O-O 9. a3 a5 10. Be3 Be6 11. Nd2 Nd5 12. Nxd5 Bxd5 13. Qa4 Bxg2 14. Kxg2 Nd4
15. Bxd4 exd4 1/2-1/2

[Event "III Festival"]
[Site "Toscolano-Maderno ITA"]
[Date "1997.10.??"]
[Round "?"]
[White "Luciani, Valerio"]
[Black "Samaritani, Fabio"]
[Result "1/2-1/2"]
[WhiteElo "2225"]
[BlackElo "2180"]
[PlyCount "20"]
[EventDate "1997.10.18"]

1. c4 d6 2. Nc3 g6 3. g3 Bg7 4. Bg2 e5 5. Nf3 Ne7 6. O-O O-O 7. Rb1 c6 8. d3 f5
9. e4 h6 10. d4 Be6 1/2-1/2

[Event "III Festival"]
[Site "Toscolano-Maderno ITA"]
[Date "1997.10.??"]
[Round "?"]
[White "Martinez Martin, David"]
[Black "Arlandi, Ennio"]
[Result "1-0"]
[WhiteElo "2180"]
[BlackElo "2470"]
[PlyCount "163"]
[EventDate "1997.10.18"]

1. d4 Nf6 2. c4 e6 3. Nc3 Bb4 4. e3 O-O 5. Bd3 c5 6. Nf3 d5 7. O-O Nc6 8. a3
Bxc3 9. bxc3 Qc7 10. cxd5 exd5 11. a4 c4 12. Bc2 Bg4 13. Qe1 Bxf3 14. gxf3 Ne7
15. Kh1 Ng6 16. e4 Rfe8 17. Rg1 dxe4 18. fxe4 Rac8 19. f3 Nd5 20. Bd2 Ndf4 21.
Qg3 Nd3 22. Bxd3 cxd3 23. Qxc7 Rxc7 24. Rge1 Re6 25. Rab1 Rf6 26. Re3 Nh4 27.
Rf1 Ra6 28. Rxd3 Rxa4 29. f4 Ng6 30. f5 Nf8 31. Bf4 Rd7 32. Rg1 Rc4 33. Be5 g6
34. h4 a5 35. fxg6 hxg6 36. h5 a4 37. Rh3 Rc6 38. hxg6 f6 39. d5 Ra6 40. Bd4 a3
41. c4 Rg7 42. Ra1 a2 43. Rh2 Re7 44. Rhxa2 Rxa2 45. Rxa2 Rxe4 46. Bxf6 Nxg6
47. d6 Re1+ 48. Kh2 Rd1 49. c5 Nf8 50. Ra7 Nd7 51. c6 Rxd6 52. c7 Rc6 53. Bd8
Nb6 54. Rxb7 Nd5 55. Rb8 Nxc7 56. Bxc7+ Kf7 57. Bf4 Rc3 58. Rb6 Rf3 59. Bg3 Rf6
60. Rb5 Rc6 61. Kh3 Rc4 62. Bb8 Ke6 63. Kg3 Ra4 64. Kf3 Rf4+ 65. Ke3 Ra4 66.
Be5 Rc4 67. Bd4 Kd6 68. Ke4 Rc2 69. Rb6+ Rc6 70. Be5+ Kc5 71. Rb1 Rg6 72. Rc1+
Kb6 73. Kd5 Rg5 74. Rb1+ Ka6 75. Kd6 Rg2 76. Kc6 Rc2+ 77. Kd5 Rg2 78. Bd6 Ka7
79. Kc6 Rc2+ 80. Bc5+ Ka8 81. Ra1+ Kb8 82. Rd1 1-0

[Event "III Festival"]
[Site "Toscolano-Maderno ITA"]
[Date "1997.10.??"]
[Round "?"]
[White "Martinez Martin, David"]
[Black "Borgo, Giulio"]
[Result "0-1"]
[WhiteElo "2180"]
[BlackElo "2370"]
[PlyCount "91"]
[EventDate "1997.10.18"]

1. d4 Nf6 2. c4 e6 3. Nc3 d5 4. Bg5 Nbd7 5. e3 c6 6. Nf3 Qa5 7. Nd2 Bb4 8. Qc2
O-O 9. Be2 e5 10. O-O exd4 11. Nb3 Qc7 12. Nxd4 dxc4 13. Bf4 Qd8 14. a3 Bc5 15.
Rad1 Nd5 16. Nxd5 cxd5 17. Nb5 Nb6 18. b4 Be7 19. Nc7 Bd7 20. Nxd5 Nxd5 21.
Rxd5 Qc8 22. Rfd1 Be6 23. e4 Rd8 24. Rxd8+ Bxd8 25. Bd6 b5 26. e5 a5 27. Bf3
Bg4 28. Bxg4 Qxg4 29. Rd5 Qd7 30. Qd2 Qe8 31. h3 h6 32. Kh2 Rc8 33. Bc5 axb4
34. axb4 Bc7 35. f4 Qe6 36. Rd4 f6 37. exf6 Qxf6 38. Kg1 Re8 39. Bd6 c3 40.
Qa2+ Kh8 41. Re4 Bb6+ 42. Kh2 Rxe4 43. Qa8+ Qd8 44. Qxe4 Qxd6 45. Qe8+ Kh7 46.
Qe4+ 0-1

[Event "III Festival"]
[Site "Toscolano-Maderno ITA"]
[Date "1997.10.??"]
[Round "?"]
[White "Martinez Martin, David"]
[Black "Luciani, Valerio"]
[Result "1/2-1/2"]
[WhiteElo "2180"]
[BlackElo "2225"]
[PlyCount "40"]
[EventDate "1997.10.18"]

1. d4 f5 2. g3 g6 3. Bg2 Bg7 4. Nh3 c6 5. O-O Nf6 6. Nd2 O-O 7. Re1 Qc7 8. e4
fxe4 9. Nxe4 Nxe4 10. Rxe4 d5 11. Re1 e5 12. dxe5 Bxe5 13. Bf4 Bxf4 14. Nxf4
Na6 15. c4 dxc4 16. Qd4 Qf7 17. Re3 Nb4 18. Qd6 Nd3 19. Nxd3 cxd3 20. Rf3 Qg7
1/2-1/2

[Event "III Festival"]
[Site "Toscolano-Maderno ITA"]
[Date "1997.10.??"]
[Round "?"]
[White "Martinez Martin, David"]
[Black "Sulava, Nenad"]
[Result "1/2-1/2"]
[WhiteElo "2180"]
[BlackElo "2375"]
[PlyCount "78"]
[EventDate "1997.10.18"]

1. d4 Nf6 2. c4 e6 3. Nc3 d5 4. Bg5 dxc4 5. e3 a6 6. a4 h6 7. Bh4 c5 8. Bxc4
Nc6 9. Nf3 cxd4 10. exd4 Be7 11. O-O O-O 12. Re1 Bd7 13. Ne5 Rc8 14. Bb3 Be8
15. Nxc6 Bxc6 16. Qd3 Bd5 17. Nxd5 Nxd5 18. Bxd5 Bxh4 19. Bxb7 Rb8 20. Bxa6
Rxb2 21. g3 Bf6 22. Rad1 Qb6 23. Qc3 Rd8 24. a5 Qb8 25. Bf1 Rb4 26. a6 Bxd4 27.
Qf3 g6 28. Bd3 Qa7 29. Rb1 Rdb8 30. Rxb4 Rxb4 31. Kg2 Kg7 32. Re2 e5 33. Qc6
Rb6 34. Qd5 Rf6 35. f3 Qb8 36. Qb7 Qd8 37. Bxg6 Rxg6 38. a7 Bxa7 39. Qxa7 Qd6
1/2-1/2

[Event "III Festival"]
[Site "Toscolano-Maderno ITA"]
[Date "1997.10.??"]
[Round "?"]
[White "Medancic, Rikard"]
[Black "Faccia, Sergio"]
[Result "1-0"]
[WhiteElo "2320"]
[BlackElo "1900"]
[PlyCount "115"]
[EventDate "1997.10.18"]

1. d4 Nf6 2. c4 c5 3. d5 b5 4. Nf3 b4 5. a4 a5 6. b3 g6 7. Bb2 Bg7 8. e4 d6 9.
h3 O-O 10. Nbd2 Re8 11. Qc2 e6 12. dxe6 Rxe6 13. O-O-O Bb7 14. Bd3 Qe8 15. Rhe1
Nbd7 16. g4 Ne5 17. Bxe5 dxe5 18. Nf1 Rd8 19. g5 Nh5 20. Ne3 Nf4 21. Bf1 Red6
22. Nd5 Qd7 23. Ng1 Ne6 24. Kb1 Nd4 25. Qd3 Bxd5 26. cxd5 c4 27. Qxc4 Rc8 28.
Rxd4 Rxc4 29. Rxc4 h6 30. Rec1 Qa7 31. Rc8+ Kh7 32. R1c5 Qe7 33. Nf3 hxg5 34.
R8c7 Rd7 35. R7c6 Rd6 36. Rc7 Qf6 37. Rxf7 Qxf7 38. Nxg5+ Kg8 39. Nxf7 Kxf7 40.
Rxa5 Rf6 41. Bc4 Rxf2 42. d6+ Ke8 43. Ra8+ Kd7 44. Ra7+ Kxd6 45. Rxg7 Kc5 46.
Rd7 Rh2 47. Rd5+ Kc6 48. Rxe5 Rxh3 49. Rg5 Re3 50. Kc2 Kd6 51. Rxg6+ Ke5 52.
Rg4 Kd4 53. a5 Rh3 54. Rg2 Kxe4 55. a6 Rh5 56. Rd2 Ra5 57. Rd7 Ke5 58. a7 1-0

[Event "III Festival"]
[Site "Toscolano-Maderno ITA"]
[Date "1997.10.??"]
[Round "?"]
[White "Medancic, Rikard"]
[Black "Perich, Stefano"]
[Result "1-0"]
[WhiteElo "2320"]
[BlackElo "2065"]
[PlyCount "112"]
[EventDate "1997.10.18"]

1. d4 d5 2. Bf4 Nf6 3. e3 Bf5 4. c4 c6 5. Qb3 Qb6 6. c5 Qxb3 7. axb3 Nbd7 8. h3
e6 9. b4 Bxb1 10. Rxb1 a6 11. Ra1 Rc8 12. Bd3 Be7 13. Nf3 O-O 14. Nd2 Rfe8 15.
g4 Nf8 16. f3 Ng6 17. Bg3 Bd8 18. Kf2 Bc7 19. f4 Re7 20. Kf3 Rce8 21. Rae1 Bb8
22. g5 Nd7 23. e4 Ngf8 24. h4 f6 25. gxf6 Nxf6 26. e5 Nh5 27. Bh2 Rf7 28. Reg1
Bc7 29. Rg5 g6 30. Rhg1 Kh8 31. Ke3 Bd8 32. R5g4 Ng7 33. Nf3 Nf5+ 34. Ke2 h5
35. R4g2 Kh7 36. Bg3 Be7 37. Bf2 Bd8 38. Kd2 Be7 39. Kc3 Rc8 40. Rh2 Bd8 41.
Ne1 Rcc7 42. Nc2 Rg7 43. Ne3 Rcf7 44. Nc2 Rd7 45. Ne1 Rdf7 46. Nf3 Kh6 47. Rhg2
Kh7 48. Kd2 Rg8 49. Ke2 Rgg7 50. Ra1 Rc7 51. Be1 Rcf7 52. Rg1 Rc7 53. b5 cxb5
54. Ba5 Rc8 55. Bxd8 Rxd8 56. b4 56... Kg8 {...} 1-0

[Event "III Festival"]
[Site "Toscolano-Maderno ITA"]
[Date "1997.10.??"]
[Round "?"]
[White "Medancic, Rikard"]
[Black "Rossi, Giampiero"]
[Result "0-1"]
[WhiteElo "2320"]
[BlackElo "2150"]
[PlyCount "88"]
[EventDate "1997.10.18"]

1. d4 d5 2. Bf4 c6 3. e3 Bf5 4. c4 e6 5. Nc3 Nf6 6. Qb3 Qb6 7. c5 Qxb3 8. axb3
Nbd7 9. h3 Be7 10. b4 O-O 11. b5 cxb5 12. Bxb5 a6 13. Be2 Rac8 14. Nf3 Nb8 15.
g4 Bg6 16. Ne5 Nfd7 17. Nxg6 hxg6 18. b4 Nc6 19. b5 axb5 20. Bxb5 g5 21. Bg3
Rfd8 22. Ke2 Bf6 23. Rhb1 Nxc5 24. Na4 Ne4 25. Bh2 Bxd4 26. exd4 Nxd4+ 27. Kd3
Nxb5 28. Rxb5 Nxf2+ 29. Ke3 Rc2 30. Bg3 Nxh3 31. Rxb7 Nf4 32. Rb2 Rxb2 33. Nxb2
e5 34. Nd3 f6 35. Ne1 Rc8 36. Kd2 Rc4 37. Nc2 d4 38. Ra7 Rc3 39. Bf2 Rd3+ 40.
Ke1 Ng2+ 41. Kf1 Nf4 42. Ne1 Rd1 43. Bg3 d3 44. Bxf4 gxf4 0-1

[Event "III Festival"]
[Site "Toscolano-Maderno ITA"]
[Date "1997.10.??"]
[Round "?"]
[White "Perich, Stefano"]
[Black "Agnelli, Francesco"]
[Result "0-1"]
[WhiteElo "2065"]
[BlackElo "2085"]
[PlyCount "62"]
[EventDate "1997.10.18"]

1. Nf3 c5 2. c4 Nc6 3. Nc3 g6 4. g3 Bg7 5. Bg2 d6 6. d3 Nf6 7. O-O O-O 8. Rb1
Bg4 9. h3 Bd7 10. a3 a5 11. Kh2 Nh5 12. Ng1 f5 13. f4 e5 14. e3 Kh8 15. Bd2 Be6
16. Nd5 Nf6 17. Qc2 exf4 18. gxf4 Bxd5 19. cxd5 Ne7 20. e4 Rc8 21. Qa4 c4 22.
dxc4 fxe4 23. Bxa5 b6 24. Bc3 Nf5 25. Rbe1 Re8 26. Qd1 Rxc4 27. Rf2 Kg8 28.
Rfe2 Bh6 29. Rf2 Nh5 30. Ne2 Qh4 31. b3 Ne3 0-1

[Event "III Festival"]
[Site "Toscolano-Maderno ITA"]
[Date "1997.10.??"]
[Round "?"]
[White "Perich, Stefano"]
[Black "Cugini, Verter"]
[Result "1/2-1/2"]
[WhiteElo "2065"]
[BlackElo "2215"]
[PlyCount "38"]
[EventDate "1997.10.18"]

1. Nf3 g6 2. g3 Bg7 3. Bg2 e5 4. d3 c5 5. c4 Ne7 6. Nc3 Nbc6 7. a3 a6 8. Rb1
Rb8 9. O-O O-O 10. b4 cxb4 11. axb4 b5 12. c5 d5 13. cxd6 Qxd6 14. Ne4 Qc7 15.
Bd2 a5 16. bxa5 b4 17. Qa4 Qxa5 18. Qxa5 Nxa5 19. Bxb4 Nac6 1/2-1/2

[Event "III Festival"]
[Site "Toscolano-Maderno ITA"]
[Date "1997.10.??"]
[Round "?"]
[White "Perich, Stefano"]
[Black "Lantini, Marco"]
[Result "1/2-1/2"]
[WhiteElo "2065"]
[BlackElo "2190"]
[PlyCount "74"]
[EventDate "1997.10.18"]

1. Nf3 Nf6 2. g3 d5 3. Bg2 c6 4. d3 Bg4 5. Nbd2 Nbd7 6. b3 e6 7. Bb2 Bd6 8. O-O
O-O 9. e3 Qe7 10. h3 Bh5 11. Qe2 Ba3 12. Bxa3 Qxa3 13. g4 Bg6 14. Nh4 a5 15. f4
a4 16. Nxg6 hxg6 17. g5 Nh5 18. Kh2 f6 19. Bf3 fxg5 20. Bxh5 gxh5 21. Qxh5 gxf4
22. Rg1 Rf7 23. Nf3 fxe3 24. Ng5 Rf2+ 25. Kh1 Nf8 26. Raf1 Qe7 27. Rxf2 exf2
28. Rf1 axb3 29. axb3 Qf6 30. Kg2 Qg6 31. Qxg6 Nxg6 32. Nxe6 Re8 33. Nd4 c5 34.
Nf3 Re2 35. Rxf2 Nf4+ 36. Kg3 Nh5+ 37. Kg2 Nf4+ 1/2-1/2

[Event "III Festival"]
[Site "Toscolano-Maderno ITA"]
[Date "1997.10.??"]
[Round "?"]
[White "Perich, Stefano"]
[Black "Perovic, Bozidar"]
[Result "1-0"]
[WhiteElo "2065"]
[BlackElo "2065"]
[PlyCount "64"]
[EventDate "1997.10.18"]

1. Nf3 d5 2. g3 Nf6 3. Bg2 c6 4. d3 h6 5. b3 Bf5 6. Bb2 Nbd7 7. Nbd2 e6 8. O-O
Bc5 9. e3 Qb6 10. Qe2 O-O-O 11. e4 dxe4 12. dxe4 Bg4 13. h3 Bh5 14. a3 Qc7 15.
b4 Bb6 16. c4 c5 17. e5 Ne8 18. Nb3 g5 19. g4 Bg6 20. Rfd1 h5 21. Nxg5 hxg4 22.
hxg4 Rh4 23. Rd2 a5 24. bxa5 Bxa5 25. Nxa5 Qxa5 26. Qf3 Qa6 27. Rad1 Qb6 28.
Bc3 Qa7 29. Nxf7 Bxf7 30. Qxf7 b6 31. Qxe6 Rh7 32. Qc6+ Nc7 1-0

[Event "III Festival"]
[Site "Toscolano-Maderno ITA"]
[Date "1997.10.??"]
[Round "?"]
[White "Perich, Stefano"]
[Black "Samaritani, Fabio"]
[Result "1/2-1/2"]
[WhiteElo "2065"]
[BlackElo "2180"]
[PlyCount "27"]
[EventDate "1997.10.18"]

1. Nf3 g6 2. d4 Nf6 3. Bf4 Bg7 4. Nbd2 O-O 5. e3 d6 6. h3 Nbd7 7. Bc4 c5 8. c3
a6 9. a4 b6 10. O-O Bb7 11. Bh2 Qc7 12. Qe2 e5 13. dxe5 dxe5 14. e4 1/2-1/2

[Event "III Festival"]
[Site "Toscolano-Maderno ITA"]
[Date "1997.10.??"]
[Round "?"]
[White "Perovic, Bozidar"]
[Black "Agnelli, Francesco"]
[Result "0-1"]
[WhiteElo "2065"]
[BlackElo "2085"]
[PlyCount "76"]
[EventDate "1997.10.18"]

1. f4 c5 2. e3 Nc6 3. Nf3 g6 4. d4 Nf6 5. d5 Nb4 6. c4 d6 7. Nc3 Bf5 8. Ke2 Bg7
9. a3 Nd3 10. Qa4+ Bd7 11. Qc2 Nxc1+ 12. Rxc1 O-O 13. e4 a6 14. h3 e6 15. g4
exd5 16. e5 dxe5 17. fxe5 Ne4 18. cxd5 Ng3+ 19. Kf2 Nxh1+ 20. Kg2 Qc7 21. Re1
Rfe8 22. Qe4 Qb6 23. Nd1 Rad8 24. Kxh1 Qa5 25. Nc3 b5 26. Qf4 b4 27. Ne4 bxa3
28. bxa3 Rxe5 29. Nf6+ Bxf6 30. Qxf6 Rxe1 31. Nxe1 c4 32. Nf3 c3 33. Bd3 Rf8
34. Ne5 Qxd5+ 35. Kg1 Qd4+ 36. Kf1 Bb5 37. Bxb5 c2 38. Nd7 c1=Q+ 0-1

[Event "III Festival"]
[Site "Toscolano-Maderno ITA"]
[Date "1997.10.??"]
[Round "?"]
[White "Perovic, Bozidar"]
[Black "Cugini, Verter"]
[Result "0-1"]
[WhiteElo "2065"]
[BlackElo "2215"]
[PlyCount "94"]
[EventDate "1997.10.18"]

1. f4 d5 2. e3 Nf6 3. Nf3 c5 4. b3 Nc6 5. Bb2 g6 6. Be2 Bg7 7. O-O O-O 8. Na3
a6 9. c4 d4 10. exd4 cxd4 11. Ne1 Qd6 12. Nac2 Bf5 13. Nd3 Rfd8 14. g4 Be4 15.
Ba3 Qc7 16. Nce1 e5 17. g5 Nd7 18. Bf3 Bf5 19. Bg4 e4 20. Bxf5 gxf5 21. Nb4
Nxb4 22. Bxb4 Qb6 23. Ba3 d3+ 24. Kh1 Qa5 25. Be7 Re8 26. b4 Qc7 27. Bf6 Bxf6
28. gxf6 Nxf6 29. Ng2 Qxc4 30. Qe1 Kh8 31. Qh4 Qe6 32. Ne3 Rg8 33. Rg1 Rg6 34.
Rg5 Rxg5 35. Qxg5 Rg8 36. Qxf5 Ng4 37. h3 Nxe3 38. Qxe6 fxe6 39. dxe3 Rg3 40.
Re1 Rxh3+ 41. Kg2 Rf3 42. a4 b5 43. axb5 axb5 44. Kg1 Kg7 45. Kg2 Kf6 46. Rh1
Rxe3 47. Rxh7 d2 0-1

[Event "III Festival"]
[Site "Toscolano-Maderno ITA"]
[Date "1997.10.??"]
[Round "?"]
[White "Perovic, Bozidar"]
[Black "Duarte, Riccardo"]
[Result "1-0"]
[WhiteElo "2065"]
[BlackElo "2005"]
[PlyCount "95"]
[EventDate "1997.10.18"]

1. f4 d5 2. e3 Nf6 3. Nf3 Bg4 4. Be2 Nc6 5. b3 e6 6. Bb2 Ne4 7. O-O f6 8. d3
Nd6 9. Nh4 Bxe2 10. Qxe2 Qe7 11. f5 exf5 12. Nxf5 Nxf5 13. Rxf5 d4 14. e4 Qd7
15. Rd5 Bd6 16. Nd2 Nb4 17. Rh5 Nxc2 18. Rc1 Nb4 19. a3 Nc6 20. Nc4 Bf4 21. Rd5
Qe6 22. Rf1 Bg5 23. h4 Ne7 24. Rc5 Bxh4 25. Qh5+ Ng6 26. Rxc7 O-O 27. Rf3 b5
28. Qxb5 Ne5 29. Rh3 Qg4 30. Bxd4 Bg3 31. Ne3 Qf4 32. Nf5 Nf3+ 33. gxf3 Qxc7
34. Rxg3 g6 35. Qc4+ Qxc4 36. dxc4 Kf7 37. Nh6+ Ke6 38. f4 Rfd8 39. f5+ Ke7 40.
Bc3 g5 41. Ng4 Rd1+ 42. Kf2 h6 43. Nxf6 Kf7 44. e5 Rad8 45. e6+ Ke7 46. Nd5+
Kd6 47. Bb4+ Ke5 48. e7 1-0

[Event "III Festival"]
[Site "Toscolano-Maderno ITA"]
[Date "1997.10.??"]
[Round "?"]
[White "Perovic, Bozidar"]
[Black "Faccia, Sergio"]
[Result "0-1"]
[WhiteElo "2065"]
[BlackElo "1900"]
[PlyCount "64"]
[EventDate "1997.10.18"]

1. f4 d5 2. e3 c5 3. Nf3 Nc6 4. b3 Bg4 5. Be2 e6 6. Bb2 f6 7. O-O Bd6 8. Na3
Nge7 9. c4 Qd7 10. Rc1 Nb4 11. cxd5 exd5 12. Nb5 Nxa2 13. Ra1 Nb4 14. Nxa7 O-O
15. Nb5 Bf5 16. Nxd6 Qxd6 17. Nh4 Bc2 18. Qe1 Bxb3 19. g4 Nc2 20. Rxa8 Nxe1 21.
Rxf8+ Kxf8 22. Rxe1 Bc4 23. d3 Ba6 24. Ng2 b5 25. f5 c4 26. Nf4 Qb4 27. Ra1
Qxb2 28. Rxa6 c3 29. Ra8+ Kf7 30. Ne6 Nc6 31. Rc8 c2 32. Rc7+ Ne7 0-1

[Event "III Festival"]
[Site "Toscolano-Maderno ITA"]
[Date "1997.10.??"]
[Round "?"]
[White "Rossi, Giampiero"]
[Black "Arlandi, Ennio"]
[Result "0-1"]
[WhiteElo "2150"]
[BlackElo "2470"]
[PlyCount "60"]
[EventDate "1997.10.18"]

1. d4 Nf6 2. c4 e6 3. Nc3 Bb4 4. Qc2 O-O 5. a3 Bxc3+ 6. Qxc3 b6 7. Bg5 Ba6 8.
f3 c5 9. dxc5 bxc5 10. Nh3 Nc6 11. e3 Rb8 12. Be2 Qa5 13. b4 cxb4 14. axb4 Qxb4
15. Qxb4 Nxb4 16. Kf2 Rfc8 17. Rhd1 d5 18. Bxf6 gxf6 19. cxd5 Rc2 20. Ng1 Bxe2
21. Nxe2 Nxd5 22. Rdc1 Rd2 23. Rd1 Rxd1 24. Rxd1 Rb2 25. Rd3 a5 26. g3 a4 27.
e4 Nb6 28. Rc3 Rb4 29. Ke3 a3 30. Kd3 a2 0-1

[Event "III Festival"]
[Site "Toscolano-Maderno ITA"]
[Date "1997.10.??"]
[Round "?"]
[White "Rossi, Giampiero"]
[Black "Duarte, Riccardo"]
[Result "1/2-1/2"]
[WhiteElo "2150"]
[BlackElo "2005"]
[PlyCount "81"]
[EventDate "1997.10.18"]

1. d4 d5 2. c4 e6 3. Nc3 c6 4. cxd5 exd5 5. Bf4 Nf6 6. e3 Nbd7 7. Bd3 Bb4 8.
Nge2 Ne4 9. O-O Ndf6 10. Qc2 Bf5 11. f3 Nxc3 12. Bxf5 Nxe2+ 13. Qxe2 O-O 14. a3
Bd6 15. Bxd6 Qxd6 16. Rfe1 Rfe8 17. Rac1 g6 18. Bh3 Re7 19. Qd2 Rae8 20. g3 Nh5
21. b4 a5 22. Kg2 axb4 23. axb4 Ra8 24. Ra1 Ree8 25. Qc3 Nf6 26. Qc5 Qc7 27. b5
h5 28. bxc6 bxc6 29. Rec1 Rxa1 30. Rxa1 h4 31. Rc1 hxg3 32. hxg3 Nh5 33. f4 Rb8
34. Qxc6 Rb2+ 35. Kf3 Qa5 36. Qe8+ Kg7 37. Rc8 Rf2+ 38. Kxf2 Qd2+ 39. Kg1 Qe1+
40. Bf1 Qxg3+ 41. Bg2 1/2-1/2

[Event "III Festival"]
[Site "Toscolano-Maderno ITA"]
[Date "1997.10.??"]
[Round "?"]
[White "Rossi, Giampiero"]
[Black "Martinez Martin, David"]
[Result "0-1"]
[WhiteElo "2150"]
[BlackElo "2180"]
[PlyCount "82"]
[EventDate "1997.10.18"]

1. d4 Nf6 2. c4 g6 3. g3 Bg7 4. Bg2 O-O 5. Nc3 d6 6. Nf3 c5 7. O-O Nc6 8. dxc5
dxc5 9. Be3 Be6 10. Qa4 Nd7 11. Rfd1 Qa5 12. Ng5 Qxa4 13. Nxa4 Bf5 14. Be4 Bxe4
15. Nxe4 Nde5 16. Rac1 b6 17. f3 Rfd8 18. b3 Nd4 19. Bxd4 cxd4 20. Nb2 f5 21.
Nf2 Nd7 22. Nbd3 e5 23. c5 bxc5 24. Nxc5 Bh6 25. Nxd7 Bxc1 26. Nxe5 Be3 27. Kg2
Re8 28. Nc4 Re6 29. Rd3 Rae8 30. Nh3 Kg7 31. f4 h6 32. Kf1 Kf6 33. Nxe3 Rxe3
34. Rd2 g5 35. fxg5+ hxg5 36. Ng1 Rd8 37. Kf2 g4 38. Rxd4 Rxd4 39. Kxe3 Rd1 40.
Kf2 Ra1 41. h3 Rxa2 0-1

[Event "III Festival"]
[Site "Toscolano-Maderno ITA"]
[Date "1997.10.??"]
[Round "?"]
[White "Rossi, Giampiero"]
[Black "Perovic, Bozidar"]
[Result "1-0"]
[WhiteElo "2150"]
[BlackElo "2065"]
[PlyCount "35"]
[EventDate "1997.10.18"]

1. d4 d5 2. c4 e6 3. Nc3 Nf6 4. cxd5 exd5 5. Bg5 Be7 6. e3 h6 7. Bh4 c6 8. Qc2
Bg4 9. Bd3 Na6 10. a3 Qa5 11. Rc1 O-O 12. h3 Be6 13. Nge2 c5 14. O-O c4 15. Bf5
g5 16. Bxe6 gxh4 17. Qg6+ Kh8 18. Bxf7 1-0

[Event "III Festival"]
[Site "Toscolano-Maderno ITA"]
[Date "1997.10.??"]
[Round "?"]
[White "Samaritani, Fabio"]
[Black "Belotti, Bruno"]
[Result "1-0"]
[WhiteElo "2180"]
[BlackElo "2410"]
[PlyCount "49"]
[EventDate "1997.10.18"]

1. e4 d6 2. d4 Nf6 3. Nc3 g6 4. f4 Bg7 5. Nf3 O-O 6. Be3 b6 7. Bd3 Bb7 8. Qe2
e6 9. O-O-O Nbd7 10. e5 Nd5 11. Nxd5 Bxd5 12. h4 c5 13. h5 cxd4 14. Bxd4 Bxf3
15. gxf3 dxe5 16. hxg6 exd4 17. Rxh7 Qf6 18. Rg1 Qxf4+ 19. Kb1 Ne5 20. Qg2 f5
21. Qh3 Rfc8 22. Rh8+ Bxh8 23. Qh7+ Kf8 24. g7+ Bxg7 25. Rxg7 1-0

[Event "III Festival"]
[Site "Toscolano-Maderno ITA"]
[Date "1997.10.??"]
[Round "?"]
[White "Samaritani, Fabio"]
[Black "Cugini, Verter"]
[Result "1-0"]
[WhiteElo "2180"]
[BlackElo "2215"]
[PlyCount "81"]
[EventDate "1997.10.18"]

1. e4 e6 2. d4 d5 3. Nc3 Nf6 4. Bg5 Bb4 5. e5 h6 6. Bd2 Bxc3 7. bxc3 Ne4 8. Qg4
g6 9. Bd3 Nxd2 10. Kxd2 c5 11. Nf3 Nc6 12. Qf4 Qa5 13. Rhb1 cxd4 14. Nxd4 Nxd4
15. Qxd4 Qc7 16. Qf4 Qe7 17. h4 g5 18. Qg4 Kf8 19. g3 f5 20. Qd4 Rg8 21. hxg5
hxg5 22. Rh1 Bd7 23. Rh6 Be8 24. Rf6+ Bf7 25. Bxf5 Ke8 26. Bd3 b6 27. Rh1 Rg7
28. Rh8+ Bg8 29. Bh7 Kd7 30. Qa4+ b5 31. Qxb5+ Kc7 32. Qa5+ Kb7 33. Bd3 a6 34.
Rh1 Ra7 35. Rb1+ Ka8 36. Qb6 Qe8 37. Bxa6 d4 38. cxd4 Rgc7 39. Bb5 Qb8 40. Bc6+
Rxc6 41. Qxc6+ 1-0

[Event "III Festival"]
[Site "Toscolano-Maderno ITA"]
[Date "1997.10.??"]
[Round "?"]
[White "Sulava, Nenad"]
[Black "Belotti, Bruno"]
[Result "1/2-1/2"]
[WhiteElo "2375"]
[BlackElo "2410"]
[PlyCount "20"]
[EventDate "1997.10.18"]

1. d4 Nf6 2. c4 e6 3. Nc3 d5 4. cxd5 exd5 5. Bg5 Be7 6. e3 O-O 7. Bd3 Nbd7 8.
Nge2 c6 9. Qc2 Re8 10. O-O Nf8 1/2-1/2

[Event "Weekend Valverde A"]
[Site "Genova ITA"]
[Date "1997.10.??"]
[Round "?"]
[White "Astengo, Marcello"]
[Black "Baggiani, Fabio"]
[Result "0-1"]
[WhiteElo "2040"]
[BlackElo "1657"]
[PlyCount "74"]
[EventDate "1997.10.11"]

1. d4 c5 2. d5 e5 3. e4 d6 4. c4 Ne7 5. Nc3 Qa5 6. Bg5 Na6 7. Bd3 Ng6 8. Nge2
Be7 9. Bd2 Qd8 10. O-O Nc7 11. Qc2 O-O 12. Rad1 Bg5 13. a3 Bxd2 14. Qxd2 b6 15.
Rfe1 Rb8 16. Kh1 a6 17. g3 Bg4 18. Qe3 b5 19. Rb1 b4 20. axb4 Rxb4 21. Nc1 Qd7
22. f4 f5 23. N1a2 Rb7 24. fxe5 Nxe5 25. b4 Bf3+ 26. Kg1 f4 27. Qd2 fxg3 28.
bxc5 gxh2+ 29. Kxh2 Rxb1 30. Rxb1 Qg4 31. cxd6 Qh4+ 32. Kg1 Qh1+ 33. Kf2 Bxe4+
34. Ke3 Qh6+ 35. Ke2 Bxd3+ 36. Qxd3 Qh2+ 37. Ke3 Qf2+ 0-1

[Event "XIV Corsicoscacchi FIDE"]
[Site "Corsico ITA"]
[Date "1997.10.04"]
[Round "1"]
[White "Bevilacqua, Maurizio"]
[Black "Bozzali, Ermanno"]
[Result "1/2-1/2"]
[WhiteElo "2140"]
[BlackElo "2200"]
[PlyCount "98"]
[EventDate "1997.10.04"]

1. d4 Nf6 2. c4 c5 3. d5 d6 4. Nc3 g6 5. e4 Bg7 6. Bd3 O-O 7. Nge2 e6 8. f3
exd5 9. cxd5 b6 10. Be3 Ba6 11. O-O Bxd3 12. Qxd3 a6 13. a4 Nbd7 14. f4 Re8 15.
Bf2 Rb8 16. Bh4 b5 17. axb5 axb5 18. Ra6 c4 19. Qf3 Nc5 20. Rc6 b4 21. e5 bxc3
22. bxc3 dxe5 23. Bxf6 Bxf6 24. fxe5 Rxe5 25. Rxf6 Ne4 26. Rxf7 Ng5 27. Qf2
Rxe2 28. Qxe2 Nxf7 29. Qxc4 Rc8 30. Qd4 Qc7 31. Rf3 Qc5 32. Qxc5 Rxc5 33. Rd3
Nd6 34. Kf2 Kf7 35. Ke3 Rc4 36. Kd2 Kf6 37. Kc2 Rh4 38. h3 Ke5 39. Kb3 Nc4 40.
g4 Nb6 41. c4 Kd6 42. Kb4 Nd7 43. Re3 Nc5 44. Rf3 Nd7 45. Kb5 h5 46. c5+ Nxc5
47. Rf6+ Kxd5 48. Rxg6 Ne4 49. Rh6 Rxh3 1/2-1/2